| 000 -LEADER |
| fixed length control field |
02194nam a22004097a 4500 |
| 008 - FIXED-LENGTH DATA ELEMENTS--GENERAL INFORMATION |
| fixed length control field |
260415b xxu||||| |||| 00| 0 eng d |
| 040 ## - CATALOGING SOURCE |
| Original cataloging agency |
Cagayan State University |
| 082 ## - DEWEY DECIMAL CLASSIFICATION NUMBER |
| Classification number |
791.43652 |
| Item number |
D384 2025 |
| 245 ## - TITLE STATEMENT |
| Title |
Demon city / |
| Statement of responsibility, etc |
directed by Seiji Tanaka ; written by Masamichi Kawabe and Seiji Tanaka ; produce by Yasuhiro Masaoka and Takeshi Sawa ; executive producer, Yoshihiro Satô ; line producer, Ryûichi Ogata ; composer, Tamoyasu Hotei ; cinematographer, Kohei Kato ; editor, Zensuke Hori ;stars, Tôma Ikuta, Masahiro Higashide, and Miou Tanaka. |
| 260 ## - PUBLICATION, DISTRIBUTION, ETC. (IMPRINT) |
| Place of publication, distribution, etc |
Japan : |
| Name of publisher, distributor, etc |
Amuse ; Digital Frontier ; |
| Date of publication, distribution, etc |
2025. |
| 300 ## - PHYSICAL DESCRIPTION |
| Extent |
1 video file, (ca 106 mins) : |
| Other physical details |
sound, color. |
| 500 ## - GENERAL NOTE |
| General note |
Original Title (Japanese): Oni Goroshi. |
| 500 ## - GENERAL NOTE |
| General note |
Based on the manga Oni goroshi by Masamichi Kawabe. |
| 500 ## - GENERAL NOTE |
| General note |
Distributed by Netflix, 2025. |
| 520 ## - SUMMARY, ETC. |
| Summary, etc |
Framed for his family's murder and left for dead, an ex-hitman will stop at nothing to exact revenge on the masked "demons" who have taken over his city. Shûhei Sakata, accused of killing his wife and child, and then supposedly failing to kill himself with a gunshot to the head. Though actually innocent, he is sent to a prison hospital, where he stays for 15 years, remaining disabled. After he is released, he has a fateful encounter that allows him to recover his physical abilities. |
| Expansion of summary note |
|
| 521 ## - TARGET AUDIENCE NOTE |
| Target audience note |
The film is generally listed with a TV-MA rating (for mature audiences). |
| 546 ## - LANGUAGE NOTE |
| Language note |
In Japanese; with English dubbing and subtitles. |
| 650 ## - SUBJECT ADDED ENTRY--TOPICAL TERM |
| Topical term or geographic name as entry element |
Revenge |
| 650 ## - SUBJECT ADDED ENTRY--TOPICAL TERM |
| Topical term or geographic name as entry element |
Action |
| 650 ## - SUBJECT ADDED ENTRY--TOPICAL TERM |
| Topical term or geographic name as entry element |
Adventure |
| 650 ## - SUBJECT ADDED ENTRY--TOPICAL TERM |
| Topical term or geographic name as entry element |
Crime |
| 650 ## - SUBJECT ADDED ENTRY--TOPICAL TERM |
| Topical term or geographic name as entry element |
Fantasy |
| 650 ## - SUBJECT ADDED ENTRY--TOPICAL TERM |
| Topical term or geographic name as entry element |
Thriller |
| 700 ## - ADDED ENTRY--PERSONAL NAME |
| Personal name |
Tanaka, Seiji, director and writer. |
| 700 ## - ADDED ENTRY--PERSONAL NAME |
| Personal name |
Kawabe, Masamichi, writer. |
| 700 ## - ADDED ENTRY--PERSONAL NAME |
| Personal name |
Masaoka, Yasuhiro, producer. |
| 700 ## - ADDED ENTRY--PERSONAL NAME |
| Personal name |
Sawa, Takeshi, producer. |
| 700 ## - ADDED ENTRY--PERSONAL NAME |
| Personal name |
Satô, Yoshihiro, executive producer. |
| 700 ## - ADDED ENTRY--PERSONAL NAME |
| Personal name |
Ogata, Ryûichi, line producer. |
| 700 ## - ADDED ENTRY--PERSONAL NAME |
| Personal name |
Hotei, Tomoyasu, composer. |
| 700 ## - ADDED ENTRY--PERSONAL NAME |
| Personal name |
Kato, Kohei, cinematographer. |
| 700 ## - ADDED ENTRY--PERSONAL NAME |
| Personal name |
Hori, Zensuke, editor. |
| 700 ## - ADDED ENTRY--PERSONAL NAME |
| Personal name |
Ikuta, Tôma, star. |
| 700 ## - ADDED ENTRY--PERSONAL NAME |
| Personal name |
Masahiro, Higashide, star. |
| 700 ## - ADDED ENTRY--PERSONAL NAME |
| Personal name |
Tanaka, Miou star. |
| 942 ## - ADDED ENTRY ELEMENTS (KOHA) |
| Source of classification or shelving scheme |
|
| Item type |
Audio-Visual Materials |